000 nam a22 7a 4500
999 _c51626
_d51626
003 OSt
005 20220412133328.0
008 220412b xxu||||| |||| 00| 0 eng d
040 _cSEROSOFT
100 _aBARE ACT
245 _aTHE ARBITRATION & CONCILIATION ACT 1996
260 _aALP
_bALP
300 _a58
942 _2ddc
_c01